[Event "European Blitz Championship 2021"]
[Site "Katowice"]
[Date "2021.12.17"]
[Round "3.9"]
[White "Stanisz, Patryk"]
[Black "Laurusas, Tomas"]
[Result "0-1"]
[WhiteElo "2158"]
[BlackElo "2553"]
[Annotator "RC"]
[PlyCount "78"]
[EventDate "2021.12.17"]
[EventType "swiss"]
[EventCountry "POL"]
[SourceTitle "playchess.com"]
[Source "ChessBase"]
[SourceQuality "1"]

1. d4 Nf6 2. c4 e6 3. Nc3 Bb4 4. f3 c5 5. d5 O-O 6. e4 b5 7. cxb5 exd5 8. exd5
a6 9. Bd3 axb5 10. Nge2 c4 11. Bc2 Qb6 12. Qd4 Bc5 13. Qh4 Re8 14. Bg5 h6 15.
Bxf6 Qxf6 16. Qxf6 gxf6 17. Ne4 Be7 18. d6 Bd8 19. Nd4 b4 20. Nf5 b3 21. Bb1 c3
22. a4 c2 23. O-O Bb7 24. Nxh6+ Kh7 25. Nxf7 Bb6+ 26. Kh1 Bxe4 27. fxe4 Kg7 28.
e5 Kxf7 29. Rxf6+ Kg7 30. Bxc2 bxc2 31. Raf1 Rxe5 32. Rf7+ Kg6 33. h3 c1=Q 34.
R7f6+ Kg5 35. h4+ Kxh4 36. Rxc1 Nc6 37. Rcf1 Rh8 38. g3+ Kg4+ 39. Kg2 Re2+ 0-1

[Event "European Blitz Championship 2021"]
[Site "Katowice"]
[Date "2021.12.17"]
[Round "3.10"]
[White "Pakleza, Zbigniew"]
[Black "Bognar, Csaba"]
[Result "1-0"]
[WhiteElo "2496"]
[BlackElo "2135"]
[Annotator "ChessBase"]
[PlyCount "62"]
[EventDate "2021.12.17"]
[EventType "swiss"]
[EventCountry "POL"]
[SourceTitle "playchess.com"]
[Source "ChessBase"]
[SourceQuality "1"]

1. d4 Nf6 2. Nf3 g6 3. Bf4 Bg7 4. e3 d6 5. h3 O-O 6. Be2 Nbd7 7. O-O Qe8 8. Bh2
c6 9. c4 e5 10. Nc3 Qe7 11. Rc1 Ne8 12. b4 e4 13. Nd2 f5 14. c5 d5 15. b5 Ndf6
16. bxc6 bxc6 17. Qa4 Qe6 18. Rb1 g5 19. Rb8 Rxb8 20. Bxb8 f4 21. exf4 e3 22.
f5 exf2+ 23. Rxf2 Qe3 24. Ncb1 Bxf5 25. Be5 Bxb1 26. Nf1 Qc1 27. Qxc6 Kh8 28.
Qe6 Be4 29. c6 Qc3 30. Ng3 g4 31. h4 Ng8 1-0

[Event "European Blitz Championship 2021"]
[Site "Katowice"]
[Date "2021.12.17"]
[Round "3.10"]
[White "Cyboran, Katarzyna"]
[Black "Ortega Ruiz, Jose Miguel"]
[Result "1/2-1/2"]
[WhiteElo "1771"]
[BlackElo "2317"]
[Annotator "NA"]
[PlyCount "72"]
[EventDate "2021.12.17"]
[EventType "swiss"]
[EventCountry "POL"]
[SourceTitle "playchess.com"]
[Source "ChessBase"]
[SourceQuality "1"]

1. e4 d5 2. exd5 Qxd5 3. Nc3 Qa5 4. g3 h5 5. Bg2 h4 6. d4 c6 7. Nge2 Nf6 8. b3
Bg4 9. Bb2 h3 10. Bf1 Nbd7 11. Qd2 g6 12. O-O-O Bh6 13. f4 O-O-O 14. Kb1 Rhe8
15. Ng1 Bxd1 16. Qxd1 Bg7 17. Bxh3 e6 18. Nge2 Nb6 19. Re1 Qh5 20. Bg2 Nfd5 21.
Qd3 Qxh2 22. Bf3 Qh8 23. Ne4 Nc7 24. c4 e5 25. fxe5 Bxe5 26. Bg4+ f5 27. Bf3
fxe4 28. Qxe4 Bg7 29. Qxg6 Qh6 30. Qg4+ Kb8 31. a4 Qh7+ 32. Ka2 Qd3 33. a5 Nd7
34. Qxg7 Qxf3 35. Qg5 Ne6 36. Qe5+ Nxe5 1/2-1/2

[Event "European Blitz Championship 2021"]
[Site "Katowice"]
[Date "2021.12.17"]
[Round "3.11"]
[White "Kiolbasa, Damian"]
[Black "Schneider, Ilja"]
[Result "0-1"]
[WhiteElo "1965"]
[BlackElo "2486"]
[Annotator "ChessBase"]
[PlyCount "76"]
[EventDate "2021.12.17"]
[EventType "swiss"]
[EventCountry "POL"]
[SourceTitle "playchess.com"]
[Source "ChessBase"]
[SourceQuality "1"]

1. d4 d5 2. c4 c6 3. Nf3 Nf6 4. e3 Bf5 5. Nc3 e6 6. Nh4 Be4 7. f3 Bg6 8. g3 Be7
9. Bd2 Nbd7 10. Qb3 Qc7 11. Be2 dxc4 12. Qxc4 a6 13. e4 b5 14. Qb3 c5 15. d5 c4
16. Qd1 exd5 17. Nxg6 hxg6 18. Bf4 Qc5 19. Nxd5 Nxd5 20. Qxd5 Qxd5 21. exd5 g5
22. Be3 Bb4+ 23. Kf2 Bc5 24. h4 gxh4 25. Rxh4 Rxh4 26. gxh4 Ke7 27. Bf1 Kd6 28.
Bh3 Re8 29. Bxc5+ Nxc5 30. Rg1 Nd3+ 31. Kg3 Nxb2 32. Kf4 Nd3+ 33. Kg3 c3 34.
Bf5 Re1 35. Rg2 Nb4 36. Be4 Rxe4 37. fxe4 c2 38. e5+ Kxe5 0-1

[Event "European Blitz Championship 2021"]
[Site "Katowice"]
[Date "2021.12.17"]
[Round "3.11"]
[White "Poplawski, Maciej"]
[Black "Balacek, Tadeas"]
[Result "1-0"]
[WhiteElo "1949"]
[BlackElo "2312"]
[Annotator "NA"]
[PlyCount "99"]
[EventDate "2021.12.17"]
[EventType "swiss"]
[EventCountry "POL"]
[SourceTitle "playchess.com"]
[Source "ChessBase"]
[SourceQuality "1"]

1. d4 Nf6 2. Nc3 d5 3. Bg5 c6 4. Qd3 Nbd7 5. e4 dxe4 6. Nxe4 Nxe4 7. Qxe4 Qa5+
8. Bd2 Qd5 9. Qxd5 cxd5 10. Bb4 e6 11. Bxf8 Kxf8 12. Nf3 Ke7 13. Kd2 f6 14. Bb5
Nb6 15. Rhe1 Kd6 16. b3 Bd7 17. Bxd7 Kxd7 18. Rac1 Rac8 19. Kd3 Rc7 20. c4
dxc4+ 21. bxc4 Rhc8 22. Nd2 Ke7 23. Rc3 Kf7 24. Rb1 Nd5 25. Rcb3 Nf4+ 26. Ke4
Nxg2 27. Rxb7 g5 28. c5 Nf4 29. Nc4 Kg6 30. Nd6 Rxb7 31. Rxb7 Rc6 32. Rxa7 f5+
33. Ke5 h5 34. a4 h4 35. a5 h3 36. a6 Ne2 37. Kxe6 Nxd4+ 38. Kd5 Nb5 39. Nxb5
Rc8 40. Rc7 Rd8+ 41. Kc6 g4 42. a7 f4 43. Rd7 Rf8 44. Kc7 g3 45. fxg3 fxg3 46.
hxg3 h2 47. Rd1 Rf7+ 48. Kb8 Rf8+ 49. Kb7 Rd8 50. Rh1 1-0

[Event "European Blitz Championship 2021"]
[Site "Katowice"]
[Date "2021.12.17"]
[Round "3.12"]
[White "Tazbir, Marcin"]
[Black "Zgadzaj, Rafal"]
[Result "1/2-1/2"]
[WhiteElo "2508"]
[BlackElo "2087"]
[Annotator "RC"]
[PlyCount "113"]
[EventDate "2021.12.17"]
[EventType "swiss"]
[EventCountry "POL"]
[SourceTitle "playchess.com"]
[Source "ChessBase"]
[SourceQuality "1"]

1. c4 e6 2. g3 f5 3. Bg2 Nf6 4. Nf3 Be7 5. O-O O-O 6. b3 c6 7. Ba3 d5 8. Bxe7
Qxe7 9. Qc1 Nbd7 10. Qa3 Qxa3 11. Nxa3 b6 12. Nd4 Nb8 13. cxd5 exd5 14. Rfc1
Bd7 15. d3 c5 16. Ndb5 Na6 17. Nc3 Rae8 18. e3 d4 19. exd4 cxd4 20. Ncb5 Nb4
21. Rd1 Re2 22. Nxa7 Ng4 23. Bf3 Rxf2 24. Rf1 Rxf1+ 25. Rxf1 Ne3 26. Rc1 Nxd3
27. Rc7 Ne5 28. Bb7 d3 29. Nb1 f4 30. gxf4 Rxf4 31. Nd2 N3g4 32. Nc6 Nxc6 33.
Bxc6 Bxc6 34. Rxc6 Rf2 35. Ne4 Rxa2 36. Rd6 Ne5 37. Rd5 Nf3+ 38. Kf1 d2 39. Ke2
Nxh2 40. Nxd2 Ng4 41. Rb5 Nf6 42. Kd3 h5 43. Rxb6 h4 44. Rb4 g5 45. Nf3 Nh7 46.
Nxg5 Nxg5 47. Rg4 Kf7 48. Rxg5 h3 49. Rh5 h2 50. b4 Ke7 51. Kc3 Kd6 52. Kb3 Rf2
53. b5 Kc7 54. Kb4 Kb6 55. Rh6+ Kb7 56. Rh7+ Kb6 57. Rh6+ 1/2-1/2

[Event "European Blitz Championship 2021"]
[Site "Katowice"]
[Date "2021.12.17"]
[Round "3.12"]
[White "Dylag, Emilia"]
[Black "Jagodzinski, Piotr"]
[Result "0-1"]
[WhiteElo "2008"]
[BlackElo "2298"]
[Annotator "NA"]
[PlyCount "74"]
[EventDate "2021.12.17"]
[EventType "swiss"]
[EventCountry "POL"]
[SourceTitle "playchess.com"]
[Source "ChessBase"]
[SourceQuality "1"]

1. d4 d5 2. c4 e6 3. Nc3 Nf6 4. cxd5 exd5 5. Bg5 Be7 6. e3 O-O 7. Bd3 c6 8. Qc2
h6 9. Bh4 Re8 10. Nge2 Nbd7 11. O-O Ne4 12. Bxe7 Qxe7 13. Bxe4 dxe4 14. Rfd1
Nf6 15. d5 Qc5 16. dxc6 bxc6 17. Rac1 Ba6 18. Qa4 Qb6 19. Nd4 Rac8 20. Nf5 Re6
21. Qa3 Kh7 22. Nd4 Re5 23. Na4 Qa5 24. b4 Qd8 25. Nxc6 Qe8 26. Nxe5 Rxc1 27.
Rxc1 Qxe5 28. Nc5 Bb5 29. Qc3 Qh5 30. h3 Qf5 31. a4 Bd3 32. Qd4 g5 33. Rd1 g4
34. Nxd3 gxh3 35. Qe5 Qg4 36. Nf4 Qxd1+ 37. Kh2 Ng4+ 0-1

[Event "European Blitz Championship 2021"]
[Site "Katowice"]
[Date "2021.12.17"]
[Round "3.13"]
[White "Kalogeris, Ioannis"]
[Black "Zima, Teofil"]
[Result "0-1"]
[WhiteElo "2287"]
[BlackElo "2020"]
[Annotator "NA"]
[PlyCount "88"]
[EventDate "2021.12.17"]
[EventType "swiss"]
[EventCountry "POL"]
[SourceTitle "playchess.com"]
[Source "ChessBase"]
[SourceQuality "1"]

1. e4 c5 2. Nf3 Nc6 3. Nc3 d6 4. Bc4 Nf6 5. O-O g6 6. d4 cxd4 7. Nxd4 Bg7 8.
Re1 O-O 9. Nb3 b6 10. Nd5 Bb7 11. Bg5 e6 12. Nxf6+ Bxf6 13. Bxf6 Qxf6 14. Qxd6
Qxb2 15. Bb5 Qe5 16. Rad1 Qxb5 17. Qc7 Rab8 18. Rd3 Qe5 19. Qxe5 Nxe5 20. Rg3
Rfd8 21. f4 Nc6 22. c3 Rd7 23. h4 Rbd8 24. Ree3 Kg7 25. h5 Ba6 26. Rg5 Rd3 27.
Re1 f6 28. Rg4 Rxc3 29. hxg6 hxg6 30. f5 exf5 31. exf5 Ne5 32. Ra4 Bc4 33.
Rxa7+ Bf7 34. fxg6 Kxg6 35. Nc1 Rd2 36. Ne2 Rcc2 37. Nf4+ Kg5 38. Rf1 Bg6 39.
Rg7 Kh6 40. Re7 Be4 41. Re1 Bxg2 42. Re3 Nf3+ 43. Rxf3 Bxf3 44. Re6 Rd1+ 0-1

[Event "European Blitz Championship 2021"]
[Site "Katowice"]
[Date "2021.12.17"]
[Round "3.13"]
[White "Povilaitis, Tomas"]
[Black "Janik, Igor"]
[Result "0-1"]
[WhiteElo "2101"]
[BlackElo "2508"]
[Annotator "RC"]
[PlyCount "98"]
[EventDate "2021.12.17"]
[EventType "swiss"]
[EventCountry "POL"]
[SourceTitle "playchess.com"]
[Source "ChessBase"]
[SourceQuality "1"]

1. e4 c6 2. d4 d5 3. exd5 cxd5 4. Bd3 Nc6 5. c3 g6 6. Qc2 Nf6 7. h3 Bg7 8. Nf3
O-O 9. O-O Bd7 10. Bf4 Rc8 11. Qe2 Bf5 12. Nbd2 Bxd3 13. Qxd3 e6 14. Ne5 Nd7
15. Ndf3 Ncxe5 16. Nxe5 Nxe5 17. Bxe5 Bxe5 18. dxe5 Qb6 19. Rab1 Rc4 20. Rfe1
Rfc8 21. Qf3 a5 22. Re2 Rxc3 23. Qf4 R3c4 24. Qg5 Qd8 25. Qe3 Re4 26. Qd3 Rxe2
27. Qxe2 Rc4 28. Rd1 Qb6 29. b3 Re4 30. Qc2 Kg7 31. Kh1 Qb4 32. Qb2 a4 33. a3
Re1+ 34. Rxe1 Qxe1+ 35. Kh2 axb3 36. Qxb3 Qxe5+ 37. g3 Qc7 38. Kg2 d4 39. Qd3
Qc6+ 40. Kg1 Qd5 41. f4 e5 42. fxe5 Qxe5 43. Kg2 h5 44. Qf3 b6 45. Qb3 Qe2+ 46.
Kg1 Qe3+ 47. Qxe3 dxe3 48. Kf1 h4 49. gxh4 f5 0-1

[Event "European Blitz Championship 2021"]
[Site "Katowice"]
[Date "2021.12.17"]
[Round "3.14"]
[White "Redzisz, Michal"]
[Black "Bernadskiy, Vitaliy"]
[Result "0-1"]
[WhiteElo "2257"]
[BlackElo "2592"]
[Annotator "ChessBase"]
[PlyCount "60"]
[EventDate "2021.12.17"]
[EventType "swiss"]
[EventCountry "POL"]
[SourceTitle "playchess.com"]
[Source "ChessBase"]
[SourceQuality "1"]

1. d4 Nf6 2. Nf3 g6 3. c4 Bg7 4. g3 O-O 5. Bg2 d6 6. O-O Nbd7 7. Nc3 e5 8. e4
b6 9. Re1 Bb7 10. h3 exd4 11. Nxd4 Re8 12. f3 c6 13. Be3 d5 14. exd5 cxd5 15.
f4 Nc5 16. cxd5 Nxd5 17. Nxd5 Bxd5 18. Nc6 Bxc6 19. Bxc6 Rxe3 20. Rxe3 Bd4 21.
Qf3 Rc8 22. Rae1 Qf6 23. Bd5 Nd3 24. Kh1 Bxe3 25. Rxe3 Rc1+ 26. Kh2 Qxb2+ 27.
Re2 Rc2 28. Rxc2 Qxc2+ 29. Kg1 Qc5+ 30. Kf1 Qd4 0-1

[Event "European Blitz Championship 2021"]
[Site "Katowice"]
[Date "2021.12.17"]
[Round "3.14"]
[White "Malik, Maciej"]
[Black "Szpar, Milosz"]
[Result "0-1"]
[WhiteElo "1987"]
[BlackElo "2285"]
[Annotator "NA"]
[PlyCount "74"]
[EventDate "2021.12.17"]
[EventType "swiss"]
[EventCountry "POL"]
[SourceTitle "playchess.com"]
[Source "ChessBase"]
[SourceQuality "1"]

1. d4 Nf6 2. Nf3 g6 3. c4 Bg7 4. Nc3 O-O 5. Bg5 c5 6. d5 h6 7. Bh4 e6 8. e3
exd5 9. cxd5 d6 10. Be2 Re8 11. O-O Na6 12. Nd2 Nc7 13. Nc4 b5 14. Na5 b4 15.
Nc6 Qd7 16. Bxf6 Bxf6 17. Na4 Bb7 18. Bf3 h5 19. Rc1 Ba6 20. Re1 Bb5 21. b3 Kg7
22. Qc2 Bxa4 23. bxa4 Bc3 24. Red1 Rh8 25. Rd3 Bf6 26. Nxb4 cxb4 27. Qxc7 Qxa4
28. Qxd6 Qxa2 29. Qxb4 Rab8 30. Qc4 Qa5 31. h3 Rhc8 32. Qxc8 Rxc8 33. Rxc8 Qe1+
34. Kh2 Be5+ 35. g3 Qxf2+ 36. Bg2 Bxg3+ 37. Kh1 Qe1+ 0-1

[Event "European Blitz Championship 2021"]
[Site "Katowice"]
[Date "2021.12.17"]
[Round "3.15"]
[White "Donchenko, Alexander"]
[Black "Marczuk, Dominik"]
[Result "1-0"]
[WhiteElo "2645"]
[BlackElo "2281"]
[Annotator "RC"]
[PlyCount "59"]
[EventDate "2021.12.17"]
[EventType "swiss"]
[EventCountry "POL"]
[SourceTitle "playchess.com"]
[Source "ChessBase"]
[SourceQuality "1"]

1. d4 Nf6 2. c4 g6 3. g3 Bg7 4. Bg2 O-O 5. Nc3 d6 6. Nf3 Nc6 7. O-O Bf5 8. d5
Na5 9. Nd2 c5 10. e4 Bd7 11. Qc2 a6 12. b3 b5 13. Bb2 Rb8 14. Rab1 bxc4 15.
bxc4 Ng4 16. Nd1 Bxb2 17. Rxb2 Rxb2 18. Qxb2 Qb8 19. Qc1 Qb4 20. a3 Qb6 21. Qc3
Rb8 22. h3 Nf6 23. Ne3 Qc7 24. f4 Ba4 25. e5 Ne8 26. Ng4 f6 27. exf6 Nxf6 28.
Nxf6+ exf6 29. Ne4 Qg7 30. Qxa5 1-0

[Event "European Blitz Championship 2021"]
[Site "Katowice"]
[Date "2021.12.17"]
[Round "3.15"]
[White "Grabarczyk, Miroslaw"]
[Black "Masternak, Aleksander"]
[Result "1-0"]
[WhiteElo "2279"]
[BlackElo "2193"]
[Annotator "NA"]
[PlyCount "56"]
[EventDate "2021.12.17"]
[EventType "swiss"]
[EventCountry "POL"]
[SourceTitle "playchess.com"]
[Source "ChessBase"]
[SourceQuality "1"]

1. d4 Nf6 2. c4 e6 3. g3 c5 4. d5 exd5 5. cxd5 g6 6. Nc3 Bg7 7. Bg2 O-O 8. Nf3
d6 9. O-O a6 10. a4 Re8 11. Bf4 h6 12. Nd2 Nh5 13. Be3 b6 14. Nc4 Bb7 15. Qd2
Kh7 16. g4 Nf6 17. h3 Qc7 18. Bf4 Bf8 19. e4 Nbd7 20. Rac1 Ne5 21. Nxe5 dxe5
22. Be3 Red8 23. f4 Bd6 24. fxe5 Bxe5 25. Bxh6 Re8 26. Bg5 Ng8 27. Bf4 Rad8 28.
Bxe5 Qxe5 1-0

[Event "European Blitz Championship 2021"]
[Site "Katowice"]
[Date "2021.12.17"]
[Round "3.16"]
[White "Andersen, Mads"]
[Black "Morkunas, Gustas"]
[Result "1-0"]
[WhiteElo "2575"]
[BlackElo "1907"]
[Annotator "ChessBase"]
[PlyCount "47"]
[EventDate "2021.12.17"]
[EventType "swiss"]
[EventCountry "POL"]
[SourceTitle "playchess.com"]
[Source "ChessBase"]
[SourceQuality "1"]

1. Nf3 Nf6 2. g3 g6 3. b3 Bg7 4. Bb2 O-O 5. Bg2 d6 6. d4 Nbd7 7. Qd2 e5 8. dxe5
Ng4 9. Nc3 Ngxe5 10. Nxe5 Nxe5 11. O-O-O Re8 12. Kb1 Rb8 13. f4 Nc6 14. e4 Bd7
15. h3 Qc8 16. Nd5 Bxb2 17. Kxb2 Qd8 18. Qc3 Re6 19. h4 f5 20. h5 fxe4 21. hxg6
Rxg6 22. Rxh7 Kxh7 23. Rh1+ Rh6 24. Bxe4+ 1-0

[Event "European Blitz Championship 2021"]
[Site "Katowice"]
[Date "2021.12.17"]
[Round "3.16"]
[White "Ustianovich, Nazar"]
[Black "Smieja, Adam"]
[Result "1-0"]
[WhiteElo "2278"]
[BlackElo "1848"]
[Annotator "NA"]
[PlyCount "47"]
[EventDate "2021.12.17"]
[EventType "swiss"]
[EventCountry "POL"]
[SourceTitle "playchess.com"]
[Source "ChessBase"]
[SourceQuality "1"]

1. Nf3 f5 2. c4 e6 3. d3 Nf6 4. Nc3 c6 5. e4 fxe4 6. dxe4 Bb4 7. e5 Ne4 8. Qc2
Nxc3 9. bxc3 Bc5 10. Bd3 Qe7 11. Bxh7 d5 12. Bg5 Qf8 13. Bg6+ Kd7 14. cxd5 cxd5
15. O-O Nc6 16. c4 Nd4 17. Nxd4 Bxd4 18. Rad1 Bxe5 19. f4 Qc5+ 20. Kh1 Bf6 21.
Qa4+ Kc7 22. cxd5 exd5 23. Bxf6 gxf6 24. Rc1 1-0

[Event "European Blitz Championship 2021"]
[Site "Katowice"]
[Date "2021.12.17"]
[Round "3.17"]
[White "Pultinevicius, Paulius"]
[Black "Turski, Bartlomiej"]
[Result "1-0"]
[WhiteElo "2546"]
[BlackElo "2114"]
[Annotator "ChessBase"]
[PlyCount "49"]
[EventDate "2021.12.17"]
[EventType "swiss"]
[EventCountry "POL"]
[SourceTitle "playchess.com"]
[Source "ChessBase"]
[SourceQuality "1"]

1. c4 e5 2. Nc3 Nf6 3. Nf3 Nc6 4. a3 d5 5. cxd5 Nxd5 6. e3 Be6 7. Bb5 Bd6 8. h4
h6 9. Ne4 O-O 10. Qc2 Bf5 11. Bxc6 bxc6 12. d3 Qd7 13. Bd2 a5 14. Nxd6 Qxd6 15.
e4 Bg6 16. h5 Bh7 17. exd5 Qxd5 18. Qc4 Qd6 19. Be3 Bxd3 20. Qc3 e4 21. Ne5 Ra6
22. Bc5 Qd5 23. Bxf8 Kxf8 24. Nxd3 exd3 25. O-O 1-0

[Event "European Blitz Championship 2021"]
[Site "Katowice"]
[Date "2021.12.17"]
[Round "3.17"]
[White "Kowalski, Igor"]
[Black "Cagara, Paulina"]
[Result "1/2-1/2"]
[WhiteElo "2276"]
[BlackElo "2045"]
[Annotator "NA"]
[PlyCount "60"]
[EventDate "2021.12.17"]
[EventType "swiss"]
[EventCountry "POL"]
[SourceTitle "playchess.com"]
[Source "ChessBase"]
[SourceQuality "1"]

1. d4 f5 2. g4 fxg4 3. h3 d5 4. Qd3 Nf6 5. hxg4 Bxg4 6. Bh3 Qd7 7. f3 Bxh3 8.
Nxh3 Nc6 9. Ng5 e5 10. c3 O-O-O 11. Be3 exd4 12. cxd4 Nb4 13. Qd2 Re8 14. Na3
Bd6 15. Bf2 h6 16. Nh3 g5 17. O-O-O Nxa2+ 18. Kb1 Bxa3 19. bxa3 Rxe2 20. Qd3
Rhe8 21. Ka1 Qa4 22. Rb1 Qc6 23. Rb2 Rxb2 24. Kxb2 Nc3 25. Qxc3 Re2+ 26. Kb3
Qb5+ 27. Qb4 Qd3+ 28. Qc3 Qb5+ 29. Qb4 Qd3+ 30. Qc3 Qb5+ 1/2-1/2

[Event "European Blitz Championship 2021"]
[Site "Katowice"]
[Date "2021.12.17"]
[Round "3.18"]
[White "Andrejczuk, Beata"]
[Black "Mirzoev, Emil"]
[Result "0-1"]
[WhiteElo "2016"]
[BlackElo "2474"]
[Annotator "RC"]
[PlyCount "56"]
[EventDate "2021.12.17"]
[EventType "swiss"]
[EventCountry "POL"]
[SourceTitle "playchess.com"]
[Source "ChessBase"]
[SourceQuality "1"]

1. e4 Nf6 2. Nc3 d5 3. e5 Nfd7 4. f4 c5 5. Nf3 Nc6 6. Bb5 Ndb8 7. d4 Bg4 8.
dxc5 e6 9. h3 Bxf3 10. Qxf3 Bxc5 11. Bd2 O-O 12. Ne2 Qb6 13. Bd3 Nb4 14. b3
Nxd3+ 15. cxd3 Nc6 16. Rd1 Rac8 17. h4 f6 18. exf6 Rxf6 19. g4 Ne5 20. Qh3 Nc6
21. g5 Rf5 22. Ng3 Bf2+ 23. Kf1 Bxg3 24. Qxg3 Qa6 25. a4 Qb6 26. Re1 Qxb3 27.
Rxe6 Qc2 28. Be1 Rcf8 0-1

[Event "European Blitz Championship 2021"]
[Site "Katowice"]
[Date "2021.12.17"]
[Round "3.18"]
[White "Starosta, Martyna"]
[Black "Kozak, Antoni"]
[Result "0-1"]
[WhiteElo "1938"]
[BlackElo "2272"]
[Annotator "NA"]
[PlyCount "98"]
[EventDate "2021.12.17"]
[EventType "swiss"]
[EventCountry "POL"]
[SourceTitle "playchess.com"]
[Source "ChessBase"]
[SourceQuality "1"]

1. e4 c6 2. d4 d5 3. Nc3 a6 4. Nf3 Bg4 5. h3 Bxf3 6. Qxf3 e6 7. Be3 Nf6 8. Bd3
Bb4 9. e5 Nfd7 10. a3 Be7 11. Ne2 c5 12. c3 Nc6 13. Nf4 Qb6 14. O-O c4 15. Bxc4
dxc4 16. d5 Ncxe5 17. Qg3 Qd6 18. dxe6 fxe6 19. Rad1 Nd3 20. Qxg7 O-O-O 21.
Nxd3 cxd3 22. c4 Rhg8 23. Qc3 Qc6 24. f3 Bc5 25. Rxd3 Nb6 26. b3 Rxd3 27. Qxd3
Rd8 28. Qe2 Nd7 29. Kh1 Bxa3 30. Bg5 Rg8 31. Be3 Bd6 32. Bd4 Bc7 33. Re1 Qd6
34. Bg1 Nf6 35. Qxe6+ Qxe6 36. Rxe6 Nh5 37. g4 Nf4 38. Rh6 Rg7 39. Bd4 Rd7 40.
Bg1 Rd1 41. Rxh7 Ne2 42. Rh8+ Kd7 43. Kg2 Nxg1 44. h4 Ne2 45. Kf2 Nf4 46. h5
Rd2+ 47. Ke3 Re2+ 48. Kd4 Be5+ 49. Kc5 Bxh8 0-1

[Event "European Blitz Championship 2021"]
[Site "Katowice"]
[Date "2021.12.17"]
[Round "3.19"]
[White "Plat, Vojtech"]
[Black "Lewtak, Dominik"]
[Result "1-0"]
[WhiteElo "2548"]
[BlackElo "2165"]
[Annotator "ChessBase"]
[PlyCount "77"]
[EventDate "2021.12.17"]
[EventType "swiss"]
[EventCountry "POL"]
[SourceTitle "playchess.com"]
[Source "ChessBase"]
[SourceQuality "1"]

1. e4 e5 2. Nf3 Nc6 3. Bb5 a6 4. Ba4 Nf6 5. d4 Nxe4 6. O-O d5 7. Nxe5 Bd7 8.
Nxd7 Qxd7 9. f3 Nf6 10. Re1+ Be7 11. c3 O-O 12. Bg5 Rfe8 13. Nd2 h6 14. Bh4 Nh7
15. Bf2 b5 16. Bc2 Bd6 17. Nf1 Nf6 18. Qd3 g6 19. Ne3 Kg7 20. Bh4 Bf4 21. Bb3
Bxe3+ 22. Rxe3 Rxe3 23. Qxe3 Re8 24. Bxf6+ Kxf6 25. Qxh6 Qf5 26. Qd2 Na5 27.
Re1 Nc4 28. Bxc4 Rxe1+ 29. Qxe1 bxc4 30. a3 g5 31. Qe2 c6 32. Kf2 a5 33. g3 a4
34. Kg2 Kg6 35. h3 Qb1 36. f4 Qc1 37. fxg5 Kxg5 38. Qg4+ Kf6 39. Qf4+ 1-0

[Event "European Blitz Championship 2021"]
[Site "Katowice"]
[Date "2021.12.17"]
[Round "3.19"]
[White "Kulon, Klaudia"]
[Black "Matuszczyk, Krystian"]
[Result "1-0"]
[WhiteElo "2265"]
[BlackElo "1948"]
[Annotator "NA"]
[PlyCount "107"]
[EventDate "2021.12.17"]
[EventType "swiss"]
[EventCountry "POL"]
[SourceTitle "playchess.com"]
[Source "ChessBase"]
[SourceQuality "1"]

1. c4 Nf6 2. g3 g6 3. Bg2 Bg7 4. Nc3 O-O 5. e3 d6 6. Nge2 c6 7. O-O Be6 8. d3
Qc8 9. Nf4 Bd7 10. d4 e5 11. Nd3 exd4 12. exd4 Bh3 13. Bf4 Bxg2 14. Kxg2 Qd7
15. Qd2 Re8 16. Rae1 Na6 17. b4 Nc7 18. a4 a5 19. b5 Ne6 20. Be3 Ng4 21. Nc1
Nxe3+ 22. fxe3 h5 23. Ne4 f5 24. Nf2 Bh6 25. Nb3 d5 26. bxc6 bxc6 27. c5 Qc7
28. h4 Reb8 29. Rb1 Ra7 30. Na1 Rab7 31. Rxb7 Rxb7 32. Nc2 Bg7 33. Nd3 Qd8 34.
Rc1 Qa8 35. Nce1 Qa6 36. Nf3 Qa7 37. Nfe5 Bxe5 38. Nxe5 Kg7 39. Nxc6 Qa8 40.
Ne5 Qb8 41. Qxa5 Rb2+ 42. Kh1 Rb1 43. Qc3 Rxc1+ 44. Qxc1 Qb3 45. c6 Nc7 46. a5
Qb5 47. Qd2 Qa4 48. Kh2 Qb5 49. Kg2 Qa6 50. Qa2 Qb5 51. Kf2 Kf6 52. Qa3 Ke6 53.
Qc3 Qb1 54. Nxg6 1-0

[Event "European Blitz Championship 2021"]
[Site "Katowice"]
[Date "2021.12.17"]
[Round "3.20"]
[White "Galuszka, Tomasz"]
[Black "Kyc, Jerzy"]
[Result "0-1"]
[WhiteElo "2181"]
[BlackElo "2250"]
[Annotator "NA"]
[PlyCount "88"]
[EventDate "2021.12.17"]
[EventType "swiss"]
[EventCountry "POL"]
[SourceTitle "playchess.com"]
[Source "ChessBase"]
[SourceQuality "1"]

1. e4 c5 2. Nf3 d6 3. d4 cxd4 4. Nxd4 Nf6 5. Nc3 a6 6. h3 e5 7. Nde2 h5 8. g3
Be7 9. Bg2 Nbd7 10. O-O b5 11. a4 bxa4 12. Nd5 Nxd5 13. exd5 Nb6 14. Nc3 Bd7
15. h4 g6 16. Qd3 O-O 17. Bh6 Re8 18. Ne4 Bb5 19. Qf3 Bxf1 20. Bxf1 f5 21. Ng5
Bxg5 22. Bxg5 Qc7 23. c3 Kh7 24. Bc1 Rab8 25. Bxa6 Nc4 26. Qe2 Na5 27. Qe3 Qg7
28. Rxa4 Nb3 29. Bf1 Nc5 30. Ra5 Rb7 31. b4 Nb3 32. Ra6 Nxc1 33. Qxc1 Rd8 34.
Qa3 e4 35. c4 Qe5 36. c5 dxc5 37. bxc5 Rxd5 38. c6 Rc7 39. Ra7 Rd8 40. Bc4 Rdc8
41. Rxc7+ Rxc7 42. Qf8 Rg7 43. Kg2 e3 44. fxe3 Qe4+ 0-1

[Event "European Blitz Championship 2021"]
[Site "Katowice"]
[Date "2021.12.17"]
[Round "3.20"]
[White "Jedrusik, Adam"]
[Black "Wieczorek, Oskar"]
[Result "1-0"]
[WhiteElo "1995"]
[BlackElo "2258"]
[Annotator "ChessBase"]
[PlyCount "125"]
[EventDate "2021.12.17"]
[EventType "swiss"]
[EventCountry "POL"]
[SourceTitle "playchess.com"]
[Source "ChessBase"]
[SourceQuality "1"]

1. c4 c6 2. d4 d5 3. e3 Nf6 4. Nf3 Bf5 5. Nc3 e6 6. Be2 h6 7. O-O Nbd7 8. b3
Bd6 9. Bb2 O-O 10. Bd3 Ne4 11. Ne2 Qe7 12. Ng3 Nxg3 13. hxg3 Bg4 14. Be2 Nf6
15. Qc2 Ne4 16. Bd3 f5 17. Ne5 Bh5 18. Rac1 g5 19. Be2 Bxe2 20. Qxe2 Bxe5 21.
dxe5 Qf7 22. cxd5 cxd5 23. Rc2 Rfe8 24. Rfc1 Rad8 25. Qb5 Rd7 26. Qa5 a6 27.
Qe1 Kg7 28. f3 Ree7 29. fxe4 fxe4 30. Rf2 Qg6 31. Rf6 Qh5 32. Qf2 Qg4 33. Rf1
Qh5 34. Ba3 Rf7 35. Rxf7+ Rxf7 36. Qxf7+ Qxf7 37. Rxf7+ Kxf7 38. g4 Ke8 39. Kf2
Kf7 40. Bc5 Kg6 41. Kg3 Kf7 42. a4 Kg6 43. Kf2 Kf7 44. b4 Kg6 45. b5 axb5 46.
axb5 Kf7 47. Ke2 Kg6 48. Bf8 Kh7 49. Kd2 Kg6 50. Kc3 h5 51. gxh5+ Kxh5 52. Kd4
Kg4 53. Be7 Kg3 54. Bxg5 Kxg2 55. Be7 Kf3 56. Bc5 Ke2 57. Kc3 Kf3 58. Kb4 Ke2
59. Ka5 Kd3 60. Kb6 Kc4 61. Bd4 Kb4 62. Kxb7 Kxb5 63. Kc7 1-0